André Gide y la crisis del pensamiento moderno / (Record no. 89598)

MARC details
000 -LEADER
campo de control de longitud fija 00918cam a2200289Ia 4500
001 - NÚMERO DE CONTROL
campo de control 86575
005 - FECHA Y HORA DE LA ÚLTIMA TRANSACCIÓN
campo de control 20230410132903.0
008 - DATOS DE LONGITUD FIJA--INFORMACIÓN GENERAL
campo de control de longitud fija 991209s1944 ag b 000 0 spa d
035 ## - NÚMERO DE CONTROL DEL SISTEMA
Número de control de sistema (OCoLC)ocm42966323
040 ## - FUENTE DE CATALOGACIÓN
Centro catalogador/agencia de origen DQ$
Lengua de catalogación spa
Centro/agencia transcriptor DQ$
Centro/agencia modificador OCLCQ
-- DIBAM
-- TBS
035 ## - NÚMERO DE CONTROL DEL SISTEMA
Número de control de sistema (OCoLC)42966323
050 14 - SIGNATURA TOPOGRÁFICA DE LA BIBLIOTECA DEL CONGRESO
Número de clasificación B PQ 2613
Número de ítem G453M 1944
049 ## - FONDOS LOCALES (OCLC)
Biblioteca depositaria GRAL
100 1# - ENTRADA PRINCIPAL--NOMBRE DE PERSONA
Nombre de persona Mann, Klaus,
Fechas asociadas al nombre 1906-1949.
245 10 - MENCIÓN DEL TÍTULO
Título André Gide y la crisis del pensamiento moderno /
Mención de responsabilidad, etc. Klaus Mann ; tr. León Mirlas.
260 ## - PUBLICACIÓN, DISTRIBUCIÓN, ETC.
Lugar de publicación, distribución, etc. Buenos Aires :
Nombre del editor, distribuidor, etc. Poseidón,
Fecha de publicación, distribución, etc. 1944.
300 ## - DESCRIPCIÓN FÍSICA
Extensión xii, 340 p. ;
Dimensiones 21 cm.
490 0# - MENCIÓN DE SERIE
Mención de serie Biografías de ayer y hoy.
500 ## - NOTA GENERAL
Nota general Tít. orig. : André Gide and the crisis of modern thought.
504 ## - NOTA DE BIBLIOGRAFÍA, ETC.
Nota de bibliografía, etc. Bibliografía.
600 10 - PUNTO DE ACCESO ADICIONAL DE MATERIA--NOMBRE DE PERSONA
Nombre de persona Gide, André,
Fechas asociadas al nombre 1869-1951.
600 10 - PUNTO DE ACCESO ADICIONAL DE MATERIA--NOMBRE DE PERSONA
Nombre de persona Gide, André,
Fechas asociadas al nombre 1869-1951
Subdivisión general Biography
600 17 - PUNTO DE ACCESO ADICIONAL DE MATERIA--NOMBRE DE PERSONA
Nombre de persona GIDE, ANDRE,
Fechas asociadas al nombre 1869-1951.
Fuente del encabezamiento o término renib
942 ## - ELEMENTOS DE ENTRADA SECUNDARIOS (KOHA)
Fuente del sistema de clasificación o colocación Clasificación de Library of Congress
Tipo de ítem Koha
994 ## -
-- C0
-- DRFGD
946 ## - PROCESAMIENTO DE INFORMACIÓN LOCAL (OCLC)
a JP
Holdings
Estatus retirado Estado de pérdida Fuente del sistema de clasificación o colocación Estado de daño No para préstamo Colección Biblioteca de origen Biblioteca actual Ubicación en estantería Fecha de adquisición Serial enumeration / chronology Signatura topográfica completa Código de barras Visto por última vez Copia número Tipo de ítem Koha
    Clasificación de Library of Congress     Recursos Regionales Biblioteca Juan Bosch Biblioteca Juan Bosch Recursos Regionales (2do. Piso) 10/04/2023 1 B PQ 2613 G453M 1944 00000075776 17/11/2018 1